000 00708nam a2200277Ia 4500
005 20260324120946.0
008 008 260324s9999 xx 000 0 eng d
020 _a9780429106897
037 _aEBOOK
040 _aCRL
040 _beng
040 _cCRL
041 _2eng
041 _aeng
084 _qCRL
100 _aKoichi Sameshima; Luiz Antonio Baccala
_91160636
245 0 _aMethods in Brain Connectivity Inference through Multivariate Time Series Analysis
260 _bTaylor and Francis
260 _c2014
365 _a
365 _b385
856 _uhttp://www.taylorfrancis.com/books/9780429106897
942 _cEBOOK
999 _c1752450
_d1752450